| 000 | 00368 a2200157 4500 | ||
|---|---|---|---|
| 001 | 75619 | ||
| 020 | _a8571648980 | ||
| 040 | _cAnchieta - Colégio São Paulo | ||
| 100 | _aSiqueira, José Rubens | ||
| 240 | 1 | 0 |
_aTronodocrono, Sherazade: _lpor |
| 245 | 1 | 0 | _aTronodocrono, Sherazade: |
| 300 | _a106 | ||
| 362 | 0 | _a1999 | |
| 650 | 4 | _aLiteratura juvenil | |
| 942 | _cBK | ||
| 999 |
_c75619 _d75619 |
||